What Got You Here Won't Get You There in Sales : (Record no. 856)

000 -LEADER
fixed length control field 00813nam a2200253 a 4500
008 - FIXED-LENGTH DATA ELEMENTS--GENERAL INFORMATION
fixed length control field 191105t2012 ii ||||g |||| 00| 0 eng d
020 ## - INTERNATIONAL STANDARD BOOK NUMBER
International Standard Book Number 9781259027697
Terms of availability Rs. 350.00
040 ## - CATALOGING SOURCE
Original cataloging agency IMU Kochi Library
Language of cataloging eng
041 0# - LANGUAGE CODE
Language code of text/sound track or separate title eng
044 ## - COUNTRY OF PUBLISHING/PRODUCING ENTITY CODE
MARC country code India
082 04 - DEWEY DECIMAL CLASSIFICATION NUMBER
Edition number 23
Classification number 658.85
Item number G573
100 1# - MAIN ENTRY--PERSONAL NAME
Personal name Goldsmith, Marshall
245 10 - TITLE STATEMENT
Title What Got You Here Won't Get You There in Sales :
Sub Title How Successful Salespeople Take It to the Next Level /
260 ## - PUBLICATION, DISTRIBUTION, ETC. (IMPRINT)
Place of publication, distribution, etc New Delhi :
Name of publisher, distributor, etc Tata McGraw Hill Education Private Limited ,
Date of publication, distribution, etc 2012
300 ## - PHYSICAL DESCRIPTION
Extent xiv, 199 p. ;
Dimensions 23 cm.
504 ## - BIBLIOGRAPHY, ETC. NOTE
Bibliography, etc Includes Index.
650 #0 - SUBJECT ADDED ENTRY--TOPICAL TERM
Topical term or geographic name as entry element Selling; Sales management
650 #0 - SUBJECT ADDED ENTRY--TOPICAL TERM
Topical term or geographic name as entry element Success; Self-realization.
700 ## - ADDED ENTRY--PERSONAL NAME
Personal name Brown, Don
Relator term Joint Author
700 ## - ADDED ENTRY--PERSONAL NAME
Personal name Hawkins, Bill
Relator term Joint Author
852 ## - LOCATION/CALL NUMBER
Location IMU Kochi Library
904 ## - LOCAL DATA ELEMENT D, LDD (RLIN)
CATALOGER Akhil Bose
942 ## - ADDED ENTRY ELEMENTS (KOHA)
Item type Books
Holdings
Withdrawn status Lost status Source of classification or shelving scheme Damaged status Not for loan Collection code Permanent location Current location Shelving location Date acquired Source of acquisition Cost, normal purchase price Full call number Barcode Date last seen Koha item type Public note
          Non-fiction IMU Kochi Library IMU Kochi Library Fiction & General 2013-03-21 M/s Unique Book Store (Inv. No. 2013/280 dt. 2012-03-16) 350.00 658.85 G573 BK002276 2019-11-05 Books Shelf-19, Row-1
          Non-fiction IMU Kochi Library IMU Kochi Library Fiction & General 2013-04-08 M/s Unique Book Store (Inv. No. 2013/281 dt. 2013-03-16) 350.00 658.85 G573 BK000822 2019-11-05 Books Shelf-19, Row-1


Copyright © All Rights Reserved by Indian Maritime University, Kochi Campus.
For any Suggestions/Query Contact to library or Email: library.kochi@imu.ac.in Ph:(0484)-2989402
(Web OPAC Designed by Rudra Ranjan. Maintained by IMU Kochi Library)

Powered by Koha